[Event "ICS rated blitz match"]
[Site "204.178.125.65"]
[Date "1999.08.25"]
[Round "?"]
[White "Hossa"]
[Black "Zamok"]
[Result "1/2-1/2"]
[WhiteElo "2458"]
[BlackElo "2184"]
[PlyCount "151"]

1. d4 Nf6 2. c4 e6 3. Nc3 Bb4 4. Bg5 c5 5. d5 d6 6. f3 Qe7 7. e4 exd5 8. cxd5
Bxc3+ 9. bxc3 Qe5 10. Bxf6 Qxf6 11. Bb5+ Bd7 12. Bxd7+ Nxd7 13. Ne2 Qg5 14. O-O
Qe3+ 15. Rf2 Ne5 16. Qa4+ Kf8 17. Raf1 Nd3 18. Qd7 Qh6 19. Qxb7 Re8 20. Qxa7
Nxf2 21. Rxf2 Qf6 22. Qb6 g6 23. Rf1 Kg7 24. Rb1 Ra8 25. Qb2 h6 26. h3 Ra7 27.
Qd2 Rha8 28. Rb2 Qg5 29. Qxg5 hxg5 30. Nc1 Ra3 31. Rc2 c4 32. Kf2 Kf6 33. Kg3
Rb8 34. Kg4 Rb1 35. h4 gxh4 36. Kxh4 g5+ 37. Kg4 Rb8 38. g3 Rh8 39. f4 gxf4 40.
gxf4 Rg8+ 41. Kf3 Rh8 42. Ke3 Rh3+ 43. Kd4 Ra4 44. Rb2 Rh1 45. Ne2 Rd1+ 46. Ke3
Rd3+ 47. Kf2 Kg6 48. Nd4 Rxc3 49. Nf5 Ra6 50. Ne3 Rc1 51. Kf3 c3 52. Rg2+ Kf6
53. Rh2 Ra1 54. e5+ Ke7 55. Nf5+ Kd7 56. Nxd6 R1xa2 57. Rh1 c2 58. Rc1 Rxd6 59.
exd6 Kxd6 60. Ke4 f6 61. Kf5 Kxd5 62. Kxf6 Kd4 63. f5 Kd3 64. Kg6 Kd2 65. Rg1
c1=Q 66. Rxc1 Kxc1 67. f6 Rg2+ 68. Kf7 Kc2 69. Ke6 Kc3 70. f7 Re2+ 71. Kd7 Rd2+
72. Ke7 Re2+ 73. Kd7 Rd2+ 74. Ke7 Re2+ 75. Kd7 Rd2+ 76. Ke7 {
Game drawn by repetition} 1/2-1/2

[Event "ICS rated blitz match"]
[Site "204.178.125.65"]
[Date "1999.08.25"]
[Round "?"]
[White "Talmoves"]
[Black "Hossa"]
[Result "1-0"]
[WhiteElo "2582"]
[BlackElo "2447"]
[PlyCount "68"]

1. e4 c5 2. Nf3 a6 3. c3 d5 4. exd5 Qxd5 5. d4 cxd4 6. cxd4 Bg4 7. Be2 Nc6 8.
Nc3 Qd7 9. d5 Bxf3 10. gxf3 Ne5 11. f4 Ng6 12. Na4 Qd6 13. Qb3 b5 14. Bxb5+
axb5 15. Qxb5+ Kd8 16. Nc5 Ra7 17. Bd2 e6 18. Ba5+ Rxa5 19. Qxa5+ Qc7 20. Qa8+
Ke7 21. d6+ Kxd6 22. Rd1+ Ke7 23. Rd7+ Qxd7 24. Nxd7 Kxd7 25. Qb7+ Ke8 26. O-O
Bd6 27. Rd1 h5 28. f5 Nh4 29. Rxd6 Nf3+ 30. Kh1 Nf6 31. Qc7 Kf8 32. Rd8+ Ne8
33. Qd7 g6 34. Qxe8+ 34... Kg7 {Hossa resigns} 1-0

[Event "ICS rated blitz match"]
[Site "204.178.125.65"]
[Date "1999.08.25"]
[Round "?"]
[White "Hossa"]
[Black "Talmoves"]
[Result "1/2-1/2"]
[WhiteElo "2437"]
[BlackElo "2592"]
[PlyCount "148"]

1. d4 Nf6 2. c4 e6 3. Nc3 Bb4 4. Bg5 h6 5. Bh4 c5 6. d5 d6 7. Rc1 e5 8. f3 Nbd7
9. e4 Ba5 10. Bd3 Nb6 11. Nge2 O-O 12. O-O Bd7 13. b3 Bb4 14. Rc2 Ba3 15. f4
exf4 16. Qa1 g5 17. Be1 Re8 18. Nb1 Bb4 19. Bxb4 cxb4 20. Nd2 Qe7 21. Nd4 Ng4
22. Rcc1 Ne3 23. Rfe1 Qf6 24. Re2 Rac8 25. Rf2 Qe5 26. N2f3 Qh8 27. h3 g4 28.
hxg4 Nxg4 29. Rd2 Ne5 30. Nxe5 Qxe5 31. Rf1 Qg5 32. Nf3 Qg7 33. Qxg7+ Kxg7 34.
Rdf2 Bg4 35. Nh2 Bh5 36. Rxf4 Nd7 37. Bc2 Bg6 38. R1f2 a6 39. Ng4 b5 40. cxb5
axb5 41. Ne3 Re5 42. Kh2 Ra8 43. Bb1 Rh5+ 44. Kg1 Re5 45. Ng4 Re7 46. Nf6 Nxf6
47. Rxf6 Rd8 48. Bd3 Rb7 49. g3 Rc7 50. Kh2 Rc5 51. Kh3 Kg8 52. R2f4 Rc3 53.
Bb1 Rc1 54. Rf1 Rxf1 55. Rxf1 Kg7 56. Rd1 Rc8 57. Kg2 Kf6 58. Rh1 h5 59. Rh4
Rc3 60. Kf2 Ke5 61. Rf4 f6 62. Rh4 Be8 63. Kg2 Rc1 64. Bd3 Ra1 65. Rf4 Rxa2+
66. Rf2 Ra3 67. Bc2 Bg6 68. Re2 Ra7 69. Kh3 Ra1 70. g4 Rh1+ 71. Kg2 Rc1 72. Kh3
Rh1+ 73. Kg2 Rc1 74. Kh3 74... Rh1+ {Game drawn by repetition} 1/2-1/2

[Event "ICS rated blitz match"]
[Site "204.178.125.65"]
[Date "1999.08.25"]
[Round "?"]
[White "Talmoves"]
[Black "Hossa"]
[Result "1-0"]
[WhiteElo "2585"]
[BlackElo "2444"]
[PlyCount "99"]

1. e4 c5 2. Nf3 a6 3. c3 d5 4. exd5 Qxd5 5. d4 cxd4 6. cxd4 Bg4 7. Be2 Nc6 8.
Nc3 Qd7 9. d5 Bxf3 10. gxf3 Ne5 11. f4 Ng6 12. Na4 Qd6 13. Qb3 b5 14. Bxb5+
axb5 15. Qxb5+ Kd8 16. Nc5 Ra7 17. Bd2 e6 18. Ba5+ Ke7 19. Ne4 Rxa5 20. Qxa5
Qxd5 21. Qa7+ Qd7 22. Qa3+ Ke8 23. Qa8+ Ke7 24. Rd1 Qc7 25. Qa3+ Ke8 26. Qa4+
Ke7 27. Qb4+ Ke8 28. Qb5+ Ke7 29. f5 Nf4 30. Qb4+ Ke8 31. Qa4+ Ke7 32. Nd6 Nd5
33. Qe8+ Kxd6 34. Qxf8+ Qe7 35. Qxg7 Qf6 36. Qg3+ Ke7 37. Qa3+ Ke8 38. Qa4+ Kd8
39. Qa8+ Kd7 40. Qb7+ Ke8 41. Qb8+ Kd7 42. Qb5+ Kd6 43. Qb6+ Ke5 44. Qd4+ Kxf5
45. Qd3+ Kf4 46. Rg1 Qe5+ 47. Kf1 Qxb2 48. Qg3+ Ke4 49. f3+ Kf5 50. Qg5# {
Hossa checkmated} 1-0

[Event "ICS rated blitz match"]
[Site "204.178.125.65"]
[Date "1999.08.25"]
[Round "?"]
[White "Hossa"]
[Black "Talmoves"]
[Result "0-1"]
[WhiteElo "2434"]
[BlackElo "2595"]
[PlyCount "124"]

1. d4 Nf6 2. Nf3 g6 3. Bf4 Bg7 4. Qc1 O-O 5. Bh6 d6 6. Bxg7 Kxg7 7. Qd1 c5 8.
e3 Qb6 9. b3 Bf5 10. c3 Qa5 11. Nfd2 cxd4 12. exd4 Qd5 13. Nc4 Qe4+ 14. Ne3 Ng4
15. Qe2 Nxe3 16. fxe3 Nc6 17. Rg1 Qh4+ 18. g3 Qh6 19. Nd2 Bg4 20. Qf2 f5 21. h3
Bh5 22. Bg2 e5 23. Nc4 exd4 24. cxd4 Rae8 25. Bxc6 bxc6 26. Qd2 Bf3 27. Kf2 f4
28. gxf4 Bd5 29. Rg3 Qh4 30. Nxd6 Re6 31. Nb7 Kh8 32. Nc5 Ref6 33. Nd3 Rf5 34.
Rag1 Re8 35. Ke1 Rxf4 36. Nxf4 Qxf4 37. Qc3 Qf5 38. Qb2 Rf8 39. h4 Qd3 40. Qd2
Qb1+ 41. Ke2 Qf5 42. a3 Bxb3 43. Qc3 Bd5 44. Qc5 Qf2+ 45. Kd1 Rb8 46. Kc1 Qb2+
47. Kd1 Qb1+ 48. Qc1 Qd3+ 49. Ke1 Rb1 50. Qxb1 Qxb1+ 51. Kd2 Qb2+ 52. Kd3 Qb3+
53. Kd2 Bc4 54. a4 Qd3+ 55. Kc1 Bb3 56. R1g2 Qc3+ 57. Kb1 Bd5 58. Rg1 Be4+ 59.
Ka2 Qb4 60. Rg4 Bc2 61. e4 Qb3+ 62. Ka1 62... Qa3# {Hossa checkmated} 0-1

[Event "ICS rated blitz match"]
[Site "204.178.125.65"]
[Date "1999.08.25"]
[Round "?"]
[White "MissSilicon"]
[Black "Hossa"]
[Result "1-0"]
[WhiteElo "2706"]
[BlackElo "2425"]
[PlyCount "78"]

1. e4 c5 2. Nf3 d6 3. d4 cxd4 4. Nxd4 Nf6 5. Nc3 e5 6. Bb5+ Bd7 7. Bxd7+ Qxd7
8. Nb3 Be7 9. O-O O-O 10. f3 Qc6 11. Be3 Nbd7 12. Qe2 d5 13. exd5 Nxd5 14. Nxd5
Qxd5 15. Rad1 Qc6 16. f4 e4 17. Nd4 Qc8 18. Nf5 Bf6 19. Bf2 Qc6 20. Rd6 Qc7 21.
Qg4 h5 22. Rxd7 Qxc2 23. Qxh5 Qxb2 24. Nd6 Qd2 25. Rd1 Qxf4 26. Nxf7 Be7 27.
Rxe7 Rxf7 28. Rxf7 Qxf7 29. Qxf7+ Kxf7 30. Rd7+ Kg6 31. Rxb7 Rd8 32. Be3 a5 33.
Re7 Rc8 34. Rxe4 Rd8 35. a4 Kf5 36. Rd4 Rc8 37. Bd2 Rc5 38. Rd7 Kg6 39. Ra7
39... Rc4 {Hossa resigns} 1-0

[Event "ICS rated blitz match"]
[Site "204.178.125.65"]
[Date "1999.08.25"]
[Round "?"]
[White "Hossa"]
[Black "MateGoD"]
[Result "0-1"]
[WhiteElo "2424"]
[BlackElo "2436"]
[PlyCount "126"]

1. d4 f5 2. c4 Nf6 3. Nc3 g6 4. f3 Nc6 5. Bf4 Nh5 6. Bg5 Bg7 7. e3 h6 8. Bh4
Bf6 9. Bxf6 Nxf6 10. Bd3 e5 11. Nge2 O-O 12. O-O d6 13. d5 Ne7 14. e4 f4 15.
Qc2 Kh7 16. Rae1 c6 17. a3 Bd7 18. b4 cxd5 19. exd5 Rc8 20. Qb3 Qb6+ 21. Kh1
Rfe8 22. Ne4 Rf8 23. Qd1 Nf5 24. c5 Qd8 25. Nxd6 Nxd6 26. cxd6 Qb6 27. Qb3 Qxd6
28. Nc3 Qc7 29. Ne4 Bf5 30. a4 Qd8 31. Bc4 Bxe4 32. fxe4 Ng4 33. Be2 Ne3 34.
Rg1 Qh4 35. Qb2 Rfe8 36. Bd3 Rc2 37. Qxc2 Nxc2 38. Bxc2 Rc8 39. Bd3 Rc3 40. Bb1
Qe7 41. Rc1 Qxb4 42. Rc2 Rxc2 43. Bxc2 Qc4 44. Bb1 Qxa4 45. g3 f3 46. Rc1 Qb5
47. Rc7+ Kg8 48. Rc8+ Kg7 49. Rc1 Qe2 50. Rg1 f2 51. h4 fxg1=R+ 52. Kxg1 Qe1+
53. Kg2 Qxb1 54. Kf2 Qxe4 55. g4 Qxg4 56. Ke3 Qxh4 57. Kd3 Qd4+ 58. Kc2 e4 59.
d6 Qd3+ 60. Kc1 e3 61. Kb2 e2 62. d7 e1=Q 63. d8=Q 63... Qeb1# {
Hossa checkmated} 0-1

[Event "ICS rated blitz match"]
[Site "204.178.125.65"]
[Date "1999.08.25"]
[Round "?"]
[White "JudgeTurpin"]
[Black "Hossa"]
[Result "0-1"]
[WhiteElo "2534"]
[BlackElo "2409"]
[PlyCount "124"]

1. d4 Nf6 2. c4 e6 3. Nf3 Bb4+ 4. Nbd2 d5 5. e3 c5 6. a3 Bxd2+ 7. Bxd2 O-O 8.
dxc5 Ne4 9. cxd5 exd5 10. Rc1 Nc6 11. Bd3 Re8 12. Qb3 Rb8 13. Qc2 Bg4 14. O-O
Bxf3 15. gxf3 Qh4 16. Be2 Ng5 17. Bc3 Re6 18. Qf5 Nh3+ 19. Kh1 Nxf2+ 20. Rxf2
Qxf2 21. Bd3 g6 22. Qh3 Qxe3 23. Qf1 Nd4 24. Bxd4 Qxd4 25. Rc2 Rbe8 26. Be2 Qh4
27. Qg2 Qa4 28. Bf1 Re1 29. Rf2 Qa5 30. f4 Qxc5 31. f5 Qe3 32. Rf3 Qc1 33. fxg6
hxg6 34. b4 R8e3 35. Rf2 R3e2 36. Kg1 Rxf1+ 37. Qxf1 Re1 38. Qxe1 Qxe1+ 39. Kg2
Qc3 40. Ra2 Qb3 41. Re2 Qxa3 42. b5 Qd3 43. Re8+ Kg7 44. b6 Qb5 45. Re3 Qxb6
46. Kf3 Qf6+ 47. Kg2 d4 48. Re1 d3 49. Rb1 Qc6+ 50. Kg3 d2 51. Rg1 Qd6+ 52. Kg2
Qd5+ 53. Kg3 Qg5+ 54. Kf2 Qxg1+ 55. Kxg1 d1=Q+ 56. Kg2 Qe2+ 57. Kg3 g5 58. h4
gxh4+ 59. Kf4 f6 60. Kf5 Kf7 61. Kf4 b6 62. Kf5 62... Qf3# {
JudgeTurpin checkmated} 0-1

[Event "ICS rated blitz match"]
[Site "204.178.125.65"]
[Date "1999.08.25"]
[Round "?"]
[White "Hossa"]
[Black "wimpy"]
[Result "1-0"]
[WhiteElo "2431"]
[BlackElo "2037"]
[PlyCount "97"]

1. d4 f5 2. c4 Nf6 3. Nc3 e6 4. e3 Be7 5. Bd3 O-O 6. Nge2 d6 7. O-O Nbd7 8. b3
Qe8 9. Nb5 Bd8 10. Ba3 a6 11. Nbc3 Be7 12. Bb2 Qf7 13. Qd2 c6 14. Rac1 Nh5 15.
Ba3 b5 16. Ng3 Nxg3 17. fxg3 Rb8 18. Ne2 Qh5 19. cxb5 cxb5 20. Rc6 Bb7 21. Rxd6
Rfd8 22. Nf4 Qf7 23. Nxe6 Bxd6 24. Nxd8 Rxd8 25. Bxd6 Qd5 26. Bb4 g6 27. Be7
Re8 28. Bg5 Kg7 29. Bh6+ Kh8 30. Qf2 Nf6 31. Be2 Ne4 32. Qe1 Nf6 33. Rf2 Qd7
34. Qa1 Bd5 35. g4 Ne4 36. Rf1 Nd2 37. Rc1 Ne4 38. gxf5 gxf5 39. Bf4 Kg8 40.
Rc7 Qe6 41. Qc1 Nf6 42. Bh6 Ng4 43. Bxg4 fxg4 44. Bf4 Qe4 45. Qb2 Rf8 46. Bh6
Rf7 47. Rc8+ Qe8 48. Rxe8+ Rf8 49. Rxf8# {wimpy checkmated} 1-0

[Event "ICS rated blitz match"]
[Site "204.178.125.65"]
[Date "1999.08.25"]
[Round "?"]
[White "MateGoD"]
[Black "Hossa"]
[Result "1-0"]
[WhiteElo "2451"]
[BlackElo "2434"]
[PlyCount "75"]

1. e4 c5 2. c3 d5 3. exd5 Qxd5 4. d4 Nf6 5. Nf3 Bg4 6. Be2 e6 7. h3 Bh5 8. O-O
Nc6 9. Be3 cxd4 10. cxd4 Be7 11. Nc3 Qd6 12. a3 Rc8 13. Qb3 O-O 14. g4 Nxg4 15.
hxg4 Bxg4 16. Kh1 Bh3 17. Rg1 Bf5 18. Rad1 b6 19. Ba6 Rce8 20. Qa4 Bg6 21. Bb5
Rc8 22. Bxc6 Rxc6 23. Bf4 Qxf4 24. Qxc6 Bf6 25. Rg3 Rd8 26. Kg1 Bc2 27. Nd5
exd5 28. Qxc2 Rb8 29. Qc6 Rd8 30. Re1 Kf8 31. Re3 Qf5 32. Qc7 Rc8 33. Qxa7 Qb1+
34. Re1 Qxb2 35. Qd7 Rd8 36. Ne5 Rxd7 37. Nxd7+ Kg8 38. Re8# {Hossa checkmated}
1-0

[Event "ICS rated blitz match"]
[Site "204.178.125.65"]
[Date "1999.08.25"]
[Round "?"]
[White "Hossa"]
[Black "MateGoD"]
[Result "0-1"]
[WhiteElo "2419"]
[BlackElo "2466"]
[PlyCount "94"]

1. d4 d5 2. c4 dxc4 3. e4 e5 4. Nf3 Bb4+ 5. Bd2 Bxd2+ 6. Qxd2 exd4 7. Nxd4 Nf6
8. Nc3 O-O 9. Bxc4 Qd6 10. Rd1 Qb4 11. b3 Rd8 12. Bd5 Qe7 13. Qe2 c6 14. Bc4 b5
15. e5 bxc4 16. exf6 Qxf6 17. bxc4 Be6 18. Ne4 Qf4 19. f3 Bd7 20. O-O Na6 21.
Rfe1 c5 22. Nb5 Qh4 23. Rb1 Bf5 24. Red1 Bxe4 25. fxe4 Nb4 26. Nd6 Qe7 27. Nf5
Qe5 28. a3 Rxd1+ 29. Rxd1 Nc6 30. Qg4 Rd8 31. Rf1 Kh8 32. Qf3 Rd2 33. Qe3 Rc2
34. Qd3 Qb2 35. Qd6 Rxg2+ 36. Kh1 h6 37. Ne3 Rg6 38. Qxc5 Kh7 39. a4 Qb3 40. a5
Qd3 41. Rf4 Nd4 42. Nf1 Qh3 43. Ng3 Rxg3 44. Rf2 Rc3 45. Qg5 hxg5 46. Rf5 Rc1+
47. Rf1 47... Rxf1# {Hossa checkmated} 0-1

[Event "ICS rated blitz match"]
[Site "204.178.125.65"]
[Date "1999.08.25"]
[Round "?"]
[White "MateGoD"]
[Black "Hossa"]
[Result "1-0"]
[WhiteElo "2480"]
[BlackElo "2405"]
[PlyCount "145"]

1. e4 c5 2. Nf3 d6 3. d4 cxd4 4. Nxd4 Nf6 5. Nc3 e5 6. Bb5+ Bd7 7. Bxd7+ Qxd7
8. Nde2 Qg4 9. O-O Nxe4 10. Nd5 Qd7 11. Qd3 Nc5 12. Qg3 Nba6 13. Be3 Nc7 14.
Bxc5 Nxd5 15. c4 Nf4 16. Nxf4 dxc5 17. Rad1 Bd6 18. Qxg7 O-O-O 19. Nd5 f5 20.
Qh6 e4 21. f3 Kb8 22. fxe4 fxe4 23. Rde1 Qg4 24. Rf7 Be5 25. Nf6 Bd4+ 26. Kh1
Bxf6 27. Qxf6 Rhg8 28. g3 Rd1 29. Rxd1 Qxd1+ 30. Kg2 Qe2+ 31. Qf2 Qxf2+ 32.
Kxf2 Rd8 33. Rxh7 Rd2+ 34. Ke3 Rxb2 35. Kxe4 Rxa2 36. Kd5 Ra5 37. h4 Ra3 38. g4
Rg3 39. g5 a5 40. Kxc5 Ka7 41. Kb5 Rc3 42. c5 a4 43. Kb4 Rc1 44. h5 a3 45. Kxa3
Rxc5 46. Rg7 Ka6 47. Kb3 Ka7 48. h6 Rc1 49. g6 Rb1+ 50. Kc4 Rc1+ 51. Kd5 Rd1+
52. Ke6 Re1+ 53. Kf7 Rh1 54. h7 Kb6 55. Ke7 Kc6 56. Rf7 Re1+ 57. Kf8 Rh1 58.
Kg8 Kb6 59. g7 Ka7 60. Rf3 Kb6 61. Kh8 Kc5 62. Rf5+ Kd4 63. Kg8 b6 64. Rf8 b5
65. Rc8 b4 66. Kh8 b3 67. g8=Q Rb1 68. Qg7+ Ke3 69. Qe5+ Kd2 70. Qd4+ Ke1 71.
Qe3+ Kf1 72. Rg8 Rd1 73. Rg1# {Hossa checkmated} 1-0

[Event "ICS rated blitz match"]
[Site "204.178.125.65"]
[Date "1999.08.25"]
[Round "?"]
[White "Hossa"]
[Black "MateGoD"]
[Result "0-1"]
[WhiteElo "2392"]
[BlackElo "2493"]
[PlyCount "116"]

1. d4 d5 2. c4 c6 3. Nc3 Nf6 4. cxd5 cxd5 5. f3 Nc6 6. e4 e6 7. e5 Nh5 8. Be3
Qb6 9. Qd2 f6 10. Rc1 fxe5 11. Nge2 Be7 12. dxe5 Qb4 13. a3 Qh4+ 14. Bf2 Qg5
15. f4 Qh6 16. g4 Nxf4 17. Nxf4 O-O 18. Bg3 Nxe5 19. Be2 Bh4 20. Rf1 Qg5 21.
Qe3 Nxg4 22. Bxh4 Qxh4+ 23. Qg3 Qxg3+ 24. hxg3 Ne3 25. Rf3 d4 26. Nd1 Nxd1 27.
Kxd1 Bd7 28. Rc7 Bc6 29. Rxc6 bxc6 30. Nxe6 Rxf3 31. Bxf3 Re8 32. Bg4 Kf7 33.
Nf4 Re3 34. Bf5 g6 35. Bd7 Rxg3 36. Bxc6 Kf6 37. Kc2 Kf5 38. Nd3 h5 39. b4 g5
40. Bd7+ Ke4 41. Bc6+ Ke3 42. Ne5 g4 43. Bd5 h4 44. a4 h3 45. b5 Rg2+ 46. Kb3
d3 47. b6 axb6 48. Nc4+ Kd4 49. Nxb6 Rg1 50. Nc4 Kxd5 51. Ne3+ Ke4 52. Nc4 h2
53. a5 h1=Q 54. Ka4 Kd4 55. Nd6 Ra1+ 56. Kb5 Rb1+ 57. Ka4 Qd1+ 58. Ka3 58...
Qb3# {Hossa checkmated} 0-1

[Event "ICS Rated blitz match"]
[Site "204.178.125.65"]
[Date "1999.08.25"]
[Round "?"]
[White "JudgeTurpin"]
[Black "Hossa"]
[Result "1-0"]
[WhiteElo "2512"]
[BlackElo "2381"]
[PlyCount "60"]

1. d4 d5 2. e3 Bf5 3. c4 Nf6 4. cxd5 Nxd5 5. Nd2 Nb4 6. e4 Bd7 7. a3 N4c6 8. d5
Ne5 9. Qb3 Bc8 10. Ndf3 Nxf3+ 11. Nxf3 c6 12. Bf4 cxd5 13. Bb5+ Bd7 14. O-O Qb6
15. Rac1 Bxb5 16. Rc8+ Kd7 17. Qc3 Bc4 18. Rc7+ Kd8 19. exd5 e5 20. Rxc4 exf4
21. Rc8+ Kd7 22. Ne5+ Ke7 23. Nc4 Nd7 24. Re1+ Qe3 25. Nxe3 f6 26. Nf5+ Kf7 27.
Rxa8 Kg6 28. Qh3 Ne5 29. Rxe5 fxe5 30. Nh4+ 30... Kh6 {Hossa resigns} 1-0

[Event "ICS Rated blitz match"]
[Site "204.178.125.65"]
[Date "1999.08.25"]
[Round "?"]
[White "Hossa"]
[Black "JudgeTurpin"]
[Result "1/2-1/2"]
[WhiteElo "2371"]
[BlackElo "2522"]
[PlyCount "133"]

1. d4 d5 2. c4 e5 3. dxe5 d4 4. Nf3 Nc6 5. Bf4 Bb4+ 6. Nbd2 Nge7 7. a3 Ng6 8.
Bg3 Bxd2+ 9. Qxd2 Bg4 10. O-O-O O-O 11. Nxd4 Ncxe5 12. h3 Bh5 13. Qc2 Qg5+ 14.
Rd2 c5 15. Nb3 Rfd8 16. e4 b6 17. h4 Qg4 18. Rd5 f6 19. Qd2 Re8 20. Bxe5 Nxe5
21. f3 Qg6 22. Qf4 Qf7 23. g4 Qc7 24. Qh2 Bf7 25. Rd1 Rad8 26. Rxd8 Rxd8 27.
Nd2 Qd7 28. Qe2 Be6 29. g5 Qd6 30. gxf6 gxf6 31. f4 Nc6 32. Rg1+ Kh8 33. Qe3
Bf7 34. Rg3 Na5 35. Kc2 Bg6 36. f5 Bf7 37. Qh6 Rg8 38. Rxg8+ Bxg8 39. Kb1 Nc6
40. Kc1 Ne5 41. Be2 Nf7 42. Qe3 Ne5 43. b3 Nc6 44. Qh6 Ne5 45. Bh5 Nd3+ 46. Kc2
Ne1+ 47. Kd1 Nd3 48. a4 Qd4 49. Ke2 Nc1+ 50. Kf3 Nd3 51. Qe3 Qd6 52. Nf1 Kg7
53. Ng3 Kh8 54. Qh6 Qd4 55. Be8 Ne5+ 56. Kg2 Ng4 57. Qf4 Ne3+ 58. Kf3 Nd1 59.
Ke2 Nc3+ 60. Kf1 Qd1+ 61. Kg2 Qc2+ 62. Kg1 Qb1+ 63. Kh2 Qb2+ 64. Kg1 Qb1+ 65.
Kh2 Qa2+ 66. Kg1 Qb1+ 67. Kh2 {Game drawn by repetition} 1/2-1/2

[Event "ICS Rated blitz match"]
[Site "204.178.125.65"]
[Date "1999.08.25"]
[Round "?"]
[White "PostModernist"]
[Black "Hossa"]
[Result "1/2-1/2"]
[WhiteElo "2486"]
[BlackElo "2378"]
[PlyCount "136"]

1. d4 d5 2. c4 e5 3. dxe5 d4 4. Nf3 Nc6 5. a3 Be6 6. Qb3 Bg4 7. Qxb7 Nge7 8.
Qb5 Qd7 9. Nbd2 Rb8 10. Qa4 Ng6 11. Ra2 Ngxe5 12. Nxe5 Nxe5 13. Qxa7 Nc6 14.
Qa4 Be7 15. b4 O-O 16. Bb2 Bxb4 17. axb4 Nxb4 18. Qxd7 Bxd7 19. Ra7 Nc2+ 20.
Kd1 Rxb2 21. Kc1 Rfb8 22. Rxc7 Bf5 23. Rc5 Ne3 24. fxe3 dxe3 25. Ne4 Bxe4 26.
Rc8+ Rxc8 27. Kxb2 Rxc4 28. Rg1 Kf8 29. g4 Rc2+ 30. Kb3 Rc1 31. Kb2 Rd1 32. Kc3
Bf3 33. Rg3 Bxg4 34. Rxg4 Rxf1 35. Rh4 Rd1 36. Rh3 Rd6 37. Rxe3 Rh6 38. h3 Rc6+
39. Kd2 f5 40. Rf3 g6 41. e4 Rc5 42. exf5 gxf5 43. Ke3 Ke7 44. Rf4 Ke6 45. Rh4
Rc7 46. Ra4 Ke5 47. Ra5+ Kf6 48. Ra4 Rc1 49. Kf4 Rf1+ 50. Kg3 h6 51. Kh4 Re1
52. Kh5 Re8 53. h4 Re4 54. Ra6+ Ke5 55. Ra5+ Kf4 56. Kxh6 Kg4 57. h5 Re6+ 58.
Kg7 f4 59. h6 Rxh6 60. Kxh6 f3 61. Kg6 f2 62. Rf5 Kg3 63. Kf6 Kg2 64. Rg5+ Kf1
65. Rh5 Ke2 66. Rh2 Ke1 67. Rh1+ f1=R+ 68. Rxf1+ 68... Kxf1 {
Game drawn because neither player has mating material} 1/2-1/2

[Event "ICS Rated blitz match"]
[Site "204.178.125.65"]
[Date "1999.08.25"]
[Round "?"]
[White "Hossa"]
[Black "JudgeTurpin"]
[Result "0-1"]
[WhiteElo "2383"]
[BlackElo "2515"]
[PlyCount "47"]

1. d4 d5 2. c4 e5 3. dxe5 d4 4. Nf3 Nc6 5. Bf4 Nge7 6. h3 Ng6 7. Bh2 Bb4+ 8.
Nbd2 Be6 9. Qc2 Bxd2+ 10. Kxd2 O-O 11. Rd1 Qe7 12. Kc1 Qc5 13. b3 Rfd8 14. Qd2
b5 15. Ng5 bxc4 16. Nxe6 fxe6 17. bxc4 Rab8 18. Qd3 Ngxe5 19. Bxe5 Nxe5 20. e3
Nxd3+ 21. Bxd3 dxe3 22. Rd2 Rxd3 23. Rxd3 Qxc4+ 24. Kd1 {Hossa resigns} 0-1

[Event "ICS Rated blitz match"]
[Site "204.178.125.65"]
[Date "1999.08.25"]
[Round "?"]
[White "Hossa"]
[Black "StrongBach"]
[Result "1-0"]
[WhiteElo "2373"]
[BlackElo "1807"]
[PlyCount "77"]

1. d4 d5 2. c4 dxc4 3. e4 Nf6 4. e5 Bg4 5. f3 Be6 6. exf6 exf6 7. Be3 Qd5 8.
Nd2 Bb4 9. a3 Ba5 10. Kf2 Qc6 11. Rc1 Bxd2 12. Qxd2 Nd7 13. b3 Nb6 14. Rc3 f5
15. Nh3 O-O 16. Nf4 Bc8 17. Bxc4 Qd6 18. Qc1 c6 19. a4 Rd8 20. Bd3 Re8 21. Re1
g5 22. Nh5 f4 23. Bxf4 Qxd4+ 24. Kf1 Rxe1+ 25. Qxe1 Qd8 26. Bxg5 Qf8 27. Be7
Qh6 28. Qg3+ Qg6 29. Nf6+ Kg7 30. Bxg6 fxg6 31. Qe5 Bf5 32. Ne8+ Kf7 33. Nd6+
Kg8 34. Nxf5 gxf5 35. Qe6+ Kg7 36. Qf6+ Kg8 37. f4 h6 38. Qg6+ Kh8 39. Bf6# {
StrongBach checkmated} 1-0

[Event "ICS Rated blitz match"]
[Site "204.178.125.65"]
[Date "1999.08.25"]
[Round "?"]
[White "PostModernist"]
[Black "Hossa"]
[Result "1-0"]
[WhiteElo "2483"]
[BlackElo "2374"]
[PlyCount "149"]

1. c4 e6 2. Nc3 d5 3. d4 Bb4 4. Nf3 Ne7 5. e3 c5 6. cxd5 exd5 7. Be2 cxd4 8.
Qxd4 Nbc6 9. Qxg7 Rg8 10. Qxh7 Rxg2 11. Nh4 Rg8 12. Bd2 d4 13. Ne4 Bxd2+ 14.
Kxd2 dxe3+ 15. Kc1 exf2 16. Nf6+ Kf8 17. Nxg8 Nxg8 18. Rd1 Qg5+ 19. Kb1 Nf6 20.
Qh8+ Ke7 21. Bd3 Nh5 22. Ng6+ fxg6 23. Qh7+ Kf6 24. Qh8+ Kf7 25. Bc4+ Be6 26.
Bxe6+ Kxe6 27. Qxa8 Qf5+ 28. Kc1 f1=Q 29. Qe8+ Ne7 30. Qd7+ Kf7 31. Rxf1 Qxf1+
32. Qd1 Qf4+ 33. Qd2 g5 34. Qxf4+ gxf4 35. Kd2 Ke6 36. Re1+ Kd6 37. Ke2 Nc6 38.
Rd1+ Ke5 39. a4 Ke4 40. Rd7 b6 41. Kf1 Ke5 42. Rf7 Nf6 43. Rc7 Kd6 44. Rg7 Ne4
45. b3 Kd5 46. Rf7 f3 47. Kg1 f2+ 48. Kg2 a6 49. Rd7+ Kc5 50. Kf1 Ne5 51. b4+
Kc6 52. Rd4 Nf3 53. Rxe4 Nd2+ 54. Kxf2 Nxe4+ 55. Kf3 Nf6 56. h4 b5 57. a5 Kd5
58. Kf4 Kc4 59. Kf5 Nh5 60. Kg5 Ng3 61. Kf4 Ne2+ 62. Ke5 Nc3 63. h5 Kxb4 64. h6
Kxa5 65. h7 Ka4 66. h8=Q a5 67. Qa8 Kb4 68. Kd4 a4 69. Qf3 Na2 70. Qd3 a3 71.
Qb1+ Ka4 72. Kc5 b4 73. Qxa2 b3 74. Qd2 a2 75. Qb4# {Hossa checkmated} 1-0

[Event "ICS Rated blitz match"]
[Site "204.178.125.65"]
[Date "1999.08.25"]
[Round "?"]
[White "paws"]
[Black "Hossa"]
[Result "0-1"]
[WhiteElo "2191"]
[BlackElo "2363"]
[PlyCount "120"]

1. Nf3 d6 2. Nc3 d5 3. d4 Bf5 4. g3 Nc6 5. Bg2 Nb4 6. e4 Bxe4 7. Nxe4 dxe4 8.
Nd2 f5 9. a3 Nc6 10. c3 e5 11. Nb3 Nf6 12. O-O Qd7 13. dxe5 Nxe5 14. Bf4 Nd3
15. Qd2 Nxf4 16. Qxf4 O-O-O 17. Rad1 Qxd1 18. Rxd1 Rxd1+ 19. Bf1 g6 20. Qe5 Bg7
21. Qe7 Rg8 22. Nd4 Kb8 23. Kg2 Bh8 24. Bc4 Rc8 25. Be6 Re8 26. Qb4 e3 27. fxe3
Rd2+ 28. Kf1 Rxh2 29. Qb5 a6 30. Qb3 Ne4 31. Qa4 Rd8 32. Qb4 Bxd4 33. cxd4
Nxg3+ 34. Ke1 Re2+ 35. Kd1 Rxe3 36. d5 Rxe6 37. Kc2 Re2+ 38. Kb1 g5 39. Qc4 f4
40. Qd3 h5 41. Ka2 Re5 42. Qg6 Rexd5 43. Qf6 Ne2 44. Kb3 g4 45. Qh4 Nd4+ 46.
Ka2 Re8 47. a4 f3 48. Qf2 Kc8 49. Qh2 Kd7 50. Qf2 Kd6 51. Qh2+ Kc6 52. Qf2 Re2
53. Qh4 f2 54. Qf6+ Ne6 55. Qf4 Nxf4 56. Kb3 Rd3+ 57. Ka2 g3 58. a5 g2 59. Ka1
Ra3+ 60. Kb1 60... f1=Q# {paws checkmated} 0-1

[Event "ICS Rated blitz match"]
[Site "204.178.125.65"]
[Date "1999.08.25"]
[Round "?"]
[White "Hossa"]
[Black "paws"]
[Result "1-0"]
[WhiteElo "2369"]
[BlackElo "2174"]
[PlyCount "151"]

1. d4 Nf6 2. Nc3 e6 3. Bg5 Be7 4. e3 d5 5. Bd3 c5 6. dxc5 Bxc5 7. Nge2 Nc6 8.
O-O h6 9. Bh4 Be7 10. Qe1 O-O 11. e4 d4 12. Na4 a6 13. Bxf6 Bxf6 14. f4 e5 15.
fxe5 Bxe5 16. h3 b5 17. Nc5 Qd6 18. Nb3 Qg6 19. Qh4 Be6 20. Nf4 Bxf4 21. Rxf4
Ne5 22. Nxd4 Nxd3 23. cxd3 Qg5 24. Qxg5 hxg5 25. Nxe6 gxf4 26. Nxf8 Kxf8 27.
Kf2 Rd8 28. Rd1 Ke7 29. Kf3 g5 30. Kg4 Kf6 31. d4 Kg6 32. h4 gxh4 33. Kxf4 Kf6
34. d5 Ke7 35. Rc1 Rg8 36. Rc2 Kd6 37. Kf5 Rg3 38. b4 Re3 39. Rc6+ Kd7 40. Rxa6
Rg3 41. Rh6 Rxg2 42. Rxh4 Rf2+ 43. Rf4 Rxa2 44. Kf6 Rb2 45. e5 Rd2 46. e6+ fxe6
47. dxe6+ Ke8 48. Rg4 Rf2+ 49. Ke5 Re2+ 50. Kd6 Rd2+ 51. Kc5 Ke7 52. Re4 Rd6
53. Kxb5 Rd5+ 54. Kc6 Rd1 55. b5 Rc1+ 56. Kb7 Rb1 57. b6 Ra1 58. Kc7 Rc1+ 59.
Kb8 Rb1 60. b7 Rb2 61. Ra4 Kxe6 62. Ka8 Kd6 63. b8=Q+ Rxb8+ 64. Kxb8 Kc6 65.
Rd4 Kc5 66. Rd2 Kc4 67. Kc7 Kc3 68. Rd5 Kc4 69. Kc6 Kb4 70. Rc5 Kb3 71. Kb5 Ka3
72. Kc4 Kb2 73. Kb4 Ka2 74. Kc3 Kb1 75. Ra5 Kc1 76. Ra1# {paws checkmated} 1-0

[Event "ICS Rated blitz match"]
[Site "204.178.125.65"]
[Date "1999.08.25"]
[Round "?"]
[White "paws"]
[Black "Hossa"]
[Result "0-1"]
[WhiteElo "2159"]
[BlackElo "2375"]
[PlyCount "72"]

1. Nf3 d6 2. d4 d5 3. c4 e6 4. Nc3 Bb4 5. Bg5 f6 6. Bf4 Ne7 7. e3 Bxc3+ 8. bxc3
O-O 9. Bd3 e5 10. dxe5 fxe5 11. Bg5 e4 12. Bxe4 dxe4 13. Qxd8 Rxd8 14. Bxe7 Rd7
15. Ba3 exf3 16. gxf3 Rd3 17. O-O Rxc3 18. Rfd1 Nc6 19. Bb2 Rc2 20. Rab1 Be6
21. c5 Bxa2 22. Rdc1 Bxb1 23. Rxb1 Rxc5 24. Rd1 Rc2 25. Bc1 Rd8 26. Re1 Ne5 27.
Kg2 Nd3 28. Rd1 Rxc1 29. Rd2 Ne1+ 30. Kg3 Rxd2 31. Kf4 a5 32. e4 a4 33. h4 Rc3
34. h5 Rxf3+ 35. Ke5 Rd6 36. h6 36... Nd3# {paws checkmated} 0-1